Detalles MARC
| 000 -ENCABEZADO |
| Número de control [NR] |
02448nam a2200361Ia 4500 |
| 005 - FECHA Y HORA DE LA ÚLTIMA TRANSACCIÓN |
| control field |
20140728175323.0 |
| 008 - DE LONGITUD FIJA DE DATOS DE ELEMENTOS - INFORMACIÓN GENERAL |
| Elementos de longitud fija [NR] |
130821s2002 bl g q mlmul d |
| 040 ## - FUENTE DE CATALOGACION [NR] |
| Agencia de catalogación original [NR] |
CO-BoUCM |
| Idioma de catalogación [NR] |
spa |
| Quien Cataloga |
|
| Quien Clasifica |
[Nuevo] |
| 041 ## - CODIGO DE IDIOMA [R] |
| Código de idioma para texto/pista de sonido o título separado [R] |
Inglés |
| 041 ## - CODIGO DE IDIOMA [R] |
| Código de idioma para texto/pista de sonido o título separado [R] |
Español |
| 092 ## - SIGNATURA TOPOGRAFICA LOCAL |
| Número de clasificación local |
DVD 0040 |
| 245 00 - MENCION DE TITULO [NR] |
| Título [NR] |
Camino a la perdición |
| Mención de responsabilidad, etc. [NR] |
Sam Mendes, director |
| Medio físico [NR] |
[DVD] |
| 246 13 - FORMA VARIANTE DEL TITULO [R] |
| Título propiamente dicho/forma breve del título [NR] |
Road to Perdition |
| 260 ## - PUBLICACION, DISTRIBUCION, ETC. (PIE DE IMPRENTA) [R] |
| Lugar de publicación, distribución, etc. [R] |
Barueri (San Pablo, Brasil) |
| Nombre del editor, distribuidor, etc. [R] |
Twentieth Century Fox |
| Fecha de publicación, distribución, etc. [R] |
2002 |
| 300 ## - DESCRIPCION FISICA [R] |
| Extensión [R] |
1 DVD, 117 minutos |
| Otros detalles físicos [NR] |
imagen, sonido, color |
| 500 ## - NOTA GENERAL [R] |
| Nota general [NR] |
SINOPSIS: Él no debió estar ahí. Pero el momento en el que el hijo de Michael Sullivan presenció un brutal asesinato, sacudió irreversiblemente la vida de este muchacho de 12 años y de su padre, uniendo sus destinos para siempre. Ahora en la mira de la mafia a la que sirvió, Sullivan y su hijo se encuentran sin salida en una despiadada persecución de un sádico asesino. Es ahí, en una instintiva lucha de sobrevivencia y protección de su hijo, donde este gangster profesional descubrirá la redención y el honor [Tomado de la fuente] |
| 508 ## - NOTA DE CREDITOS DE CREACION/PRODUCCION [R] |
| Nota de créditos de creación/producción [NR] |
CRÉDITOS: Dirigida por Sam Mendes ; guion por David Self ; producida por Joan Bradshaw ; música por Thomas Newman ; fotografía por Conrad L. Hall ; diseño de producción por Dennis Gassner ; dirección de arte por Richard L. Johnson ; ambientación por Nancy Haigh ; vestuario por Albert Wolsky ; maquillaje por Ron Snyder |
| 511 0# - NOTA DE PARTICIPANTE O INTERPRETE [R] |
| Nota de participante o intérprete [NR] |
REPARTO: Tyler Hoechlin, Rob Maxey, Liam Aiken, Jennifer Jason Leigh, Tom Hanks, Paul Newman, Daniel Craig, Ciarán Hinds, Craig Spidle, Ian Barford |
| 520 ## - NOTA DE RESUMEN, ETC. [R] |
| Nota de sumario, etc. [NR] |
Basada en la novela gráfica de Max Allan Collins y Richard Piers Rayner |
| 546 ## - NOTA DE IDIOMA [R] |
| Nota de idioma [NR] |
Audio en inglés, español y portugués. Subtítulos en inglés, español y portugués |
| 586 ## - NOTA DE PREMIOS [R] |
| Nota de premios [NR] |
Ganadora de un premio Oscar de la Academia, 2003 (mejor película) |
| 650 04 - ASIENTO SECUNDARIO DE MATERIA - TERMINO TEMATICO [R] |
| Término temático o nombre geográfico como elemento de entrada [NR] |
Entretenimiento |
| 9 (RLIN) |
26487 |
| 650 04 - ASIENTO SECUNDARIO DE MATERIA - TERMINO TEMATICO [R] |
| Término temático o nombre geográfico como elemento de entrada [NR] |
Padres e hijos |
| Subdivisión de forma [R] |
DVD |
| 9 (RLIN) |
20984 |
| 650 04 - ASIENTO SECUNDARIO DE MATERIA - TERMINO TEMATICO [R] |
| Término temático o nombre geográfico como elemento de entrada [NR] |
Películas cinematográficas |
| Subdivisión de forma [R] |
DVD |
| 9 (RLIN) |
7903 |
| 650 04 - ASIENTO SECUNDARIO DE MATERIA - TERMINO TEMATICO [R] |
| Término temático o nombre geográfico como elemento de entrada [NR] |
Sociología |
| 9 (RLIN) |
24766 |
| 700 1# - ASIENTO SECUNDARIO - NOMBRE PERSONAL [R] |
| Nombre personal [NR] |
Mendes, Sam |
| 9 (RLIN) |
63395 |
| Término de relación [R] |
director |
| 710 2# - ASIENTO SECUNDARIO - NOMBRE CORPORATIVO [R] |
| Nombre corporativo o de jurisdicción como elemento de entrada [NR] |
Twentieth Century Fox |
| 9 (RLIN) |
51777 |
| 710 2# - ASIENTO SECUNDARIO - NOMBRE CORPORATIVO [R] |
| Nombre corporativo o de jurisdicción como elemento de entrada [NR] |
DreamWorks Pictures |
| 9 (RLIN) |
50952 |
| 710 2# - ASIENTO SECUNDARIO - NOMBRE CORPORATIVO [R] |
| Nombre corporativo o de jurisdicción como elemento de entrada [NR] |
Zanuck Company |
| 9 (RLIN) |
63396 |
| 765 0# - ASIENTO DE IDIOMA ORIGINAL [R] |
| Título [NR] |
Road to Perdition |
| 856 40 - LOCALIZACION Y ACCESO ELECTRONICOS [R] |
| Identificador Uniforme del Recurso (“URI”) [R] |
<a href="http://www.youtube.com/watch?v=F-0XU-gJla8">http://www.youtube.com/watch?v=F-0XU-gJla8</a> |
| Nota dirigida al público [R] |
Siga este enlace para ver el trailer |
| -- |
Trailer tomado del canal Paradise Of Trailers vía YouTube.com |
| 942 ## - ELEMENTOS DE ENTRADA AGREGADOS (KOHA) |
| Koha item type |
Multimedia |
| Source of classification or shelving scheme |
LOCAL |
| Tema principal |
Entretenimiento |
| Edition |
1 |
| Classification part |
DVD 0040 |